Production, Places and Environment changing perspectives in economic geography (Registro nro. 182119)

Detalles MARC
000 -ENCABEZADO
Número de control [NR] 00833 a2200229 4500
005 - FECHA Y HORA DE LA ÚLTIMA TRANSACCIÓN
control field 20140903174946.0
008 - DE LONGITUD FIJA DE DATOS DE ELEMENTOS - INFORMACIÓN GENERAL
Elementos de longitud fija [NR] 131202s2000 enkad fr|||| 001 0 eng d
020 ## - NUMERO INTERNACIONAL NORMALIZADO PARA LIBROS [R]
Número Internacional Normalizado del libro [NR] 9780582369405
040 ## - FUENTE DE CATALOGACION [NR]
Agencia de catalogación original [NR] CO-BoUCM
Idioma de catalogación [NR] spa
Quien Cataloga Jose A. Gerena
Quien Clasifica Diana Londoño
041 00 - CODIGO DE IDIOMA [R]
Código de idioma para texto/pista de sonido o título separado [R] Inglés
100 1# - ASIENTO PRINCIPAL--NOMBRE PERSONAL [NR]
Nombre personal [NR] Hudson, Ray
ID Autoridad 27983
245 10 - MENCION DE TITULO [NR]
Título [NR] Production, Places and Environment changing perspectives in economic geography
Mención de responsabilidad, etc. [NR] Ray Hudson
260 ## - PUBLICACION, DISTRIBUCION, ETC. (PIE DE IMPRENTA) [R]
Lugar de publicación, distribución, etc. [R] Eastbourne (Sussex Oriental, Inglaterra)
Nombre del editor, distribuidor, etc. [R] Pearson
Fecha de publicación, distribución, etc. [R] 2000
300 ## - DESCRIPCION FISICA [R]
Extensión [R] xviii, 354 páginas
Otros detalles físicos [NR] ilustraciones, cuadros
504 ## - NOTA DE BIBLIOGRAFIA, ETC. [R]
Nota de bibliografía, etc. [NR] Incluye referencias bibliográficas e índices
650 #7 - ASIENTO SECUNDARIO DE MATERIA - TERMINO TEMATICO [R]
9 (RLIN) 10463
Término temático o nombre geográfico como elemento de entrada [NR] Capitalismo
650 #7 - ASIENTO SECUNDARIO DE MATERIA - TERMINO TEMATICO [R]
9 (RLIN) 19488
Término temático o nombre geográfico como elemento de entrada [NR] Microeconomía
650 #7 - ASIENTO SECUNDARIO DE MATERIA - TERMINO TEMATICO [R]
9 (RLIN) 22424
Término temático o nombre geográfico como elemento de entrada [NR] Producción
690 ## - ASUNTO AGREGADO LOCAL DE ENTRADA - TÉRMINO TEMÁTICO (OCLC, RLIN)
9 (RLIN) 42881
Acceso temático local Microeconomía
942 ## - ELEMENTOS DE ENTRADA AGREGADOS (KOHA)
Tema principal Economía
Tipo de ítem principal el descrito en 300a Libro
Edición 1
Parte restante de la signatura top. H885
Sistema de clasificación DEWEY
Clasificación 338.5
Existencias
Total préstamos Signatura topográfica Código de barras Última vez visto Ejemplar Costo de reposición Price effective from Tipo de ítem Perdido Sistema de clasificación Dañado No prestable Tipo de ítem específico Suprimido Ubicación habitual Ubicación actual Localización Fecha de creación Proveedor Forma de adquisición Costo
  R 338.5 H885p 100138011 04/12/2025 Ej.1 128200.00 13/11/2013 Libro   DEWEY     Libro   Claustro Claustro Mezanine 13/11/2013 15 Compra 128200.00
  338.5 H885p 100139149 04/12/2025 Ej.2 127500.00 19/11/2013 Libro   DEWEY     Libro   Claustro Claustro Mezanine 19/11/2013 15 Compra 127500.00